Statistiche per Scene da film #4

Clicka qui per fare il quiz!

Statistiche generali

  • Questo quiz è stato fatto 135 volte
  • Il punteggio medio è 10 su 16

Statistiche sulle risposte

Risposta% Corretto
La La Land
90%
Matrix
88%
Edward mani di forbice
82%
Harry Potter e la camera dei segreti
79%
The Truman Show
79%
Arancia Meccanica
74%
L'esorcista
71%
Il Principe cerca moglie
63%
Zoolander
61%
il silenzio degli innocenti
59%
Million dollar baby
52%
Seven
47%
Non è un paese per vecchi
41%
Apocalypse now
23%
Donnie Brasco
23%
Casinò
22%

Distribuzione punteggi

Percentile per numero di risposta

Percentuale di utenti per punteggio

I tuoi punteggi nel tempo

Non hai fatto questo quiz